header

The science of sacrifice (Record no. 59035)

MARC details
000 -LEADER
fixed length control field 01673nam a2200409 a 4500
082 04 - DEWEY DECIMAL CLASSIFICATION NUMBER
Classification number 810.9/353
100 1# - MAIN ENTRY--AUTHOR NAME
Personal name Mizruchi, Susan L.
245 14 - TITLE STATEMENT
Title The science of sacrifice
260 ## - PUBLICATION, DISTRIBUTION, ETC. (IMPRINT)
Place of publication Princeton, N.J. :
Name of publisher Princeton University Press,
Year of publication c1998.
300 ## - PHYSICAL DESCRIPTION
Number of Pages 436 p.
650 #0 - SUBJECT ADDED ENTRY--TOPICAL TERM
Topical Term American literature
Topical Term Sacrifice in literature.
Topical Term Literature and anthropology
Topical Term Literature and society
Topical Term Rites and ceremonies in literature.
Topical Term Human sacrifice in literature.
Topical Term Self-sacrifice in literature.
Topical Term Social problems in literature.
Topical Term Scapegoat in literature.
Topical Term Realism in literature.
856 40 - ELECTRONIC LOCATION AND ACCESS
Uniform Resource Identifier http://site.ebrary.com/lib/rucke/Doc?id=10035843

No items available.

© 2026 Rongo University
Contact us: librarian | system librarian | Rongo university